Heimerziehung als Durchgangsberuf?: eine theoretische und empirische Studie zur Personalfluktuation in der Heimerziehung
| Main Author: | |
|---|---|
| Format: | Print Book |
| Language: | German |
| Published: |
Weinheim [u.a.]
Juventa-Verl.
1989
|
| In: | Year: 1989 |
| Online Access: |
Table of Contents Table of Contents |
| Availability in Tübingen: | Present in Tübingen. IFK: O X 386 |
| Check availability: | HBZ Gateway |
| Subito Delivery Service: | Order now. |
| Keywords: |
MARC
| LEADER | 00000cam a2200000 c 4500 | ||
|---|---|---|---|
| 001 | 275357791 | ||
| 003 | DE-627 | ||
| 005 | 20260206203622.0 | ||
| 007 | tu | ||
| 008 | 891031s1989 xx ||||| m 00| ||ger c | ||
| 015 | |a 89,N30,0234 |2 dnb | ||
| 015 | |a 89,A36,0488 |2 dnb | ||
| 016 | 7 | |a 890919380 |2 DE-101 | |
| 020 | |a 3779906945 |9 3-7799-0694-5 | ||
| 035 | |a (DE-627)275357791 | ||
| 035 | |a (DE-603)010967230 | ||
| 035 | |a (DE-576)01893806X | ||
| 035 | |a (DE-599)GBV275357791 | ||
| 035 | |a (OCoLC)46137562 | ||
| 035 | |a (OCoLC)46137562 | ||
| 040 | |a DE-627 |b ger |c DE-627 |e rakwb | ||
| 041 | |a ger | ||
| 084 | |a 18 |2 sdnb | ||
| 084 | |a 22 |a 14 |a 18 |2 sdnb | ||
| 084 | |a DG 3000 |2 rvk |0 (DE-625)rvk/19555: | ||
| 084 | |a DS 7150 |2 rvk |0 (DE-625)rvk/19960: | ||
| 100 | 1 | |a Schoch, Jürg |d 1941- |0 (DE-588)132551160 |0 (DE-627)523640706 |0 (DE-576)162954123 |4 aut | |
| 109 | |a Schoch, Jürg 1941- | ||
| 245 | 1 | 0 | |a Heimerziehung als Durchgangsberuf? |b eine theoretische und empirische Studie zur Personalfluktuation in der Heimerziehung |c Jürg Schoch |
| 264 | 1 | |a Weinheim [u.a.] |b Juventa-Verl. |c 1989 | |
| 300 | |a 203 S. |b graph. Darst. | ||
| 336 | |a Text |b txt |2 rdacontent | ||
| 337 | |a ohne Hilfsmittel zu benutzen |b n |2 rdamedia | ||
| 338 | |a Band |b nc |2 rdacarrier | ||
| 490 | 0 | |a Materialien | |
| 502 | |a Zugl.: Zürich, Univ., Diss., 1989 | ||
| 583 | 1 | |a Archivierung/Langzeitarchivierung gewährleistet |f PEBW |x XA-DE-BW |2 pdager |5 DE-31 | |
| 655 | 7 | |a Hochschulschrift |0 (DE-588)4113937-9 |0 (DE-627)105825778 |0 (DE-576)209480580 |2 gnd-content | |
| 689 | 0 | 0 | |d s |0 (DE-588)4024136-1 |0 (DE-627)106300288 |0 (DE-576)208953280 |a Heimerzieher |2 gnd |
| 689 | 0 | 1 | |d s |0 (DE-588)4071286-2 |0 (DE-627)106098276 |0 (DE-576)209183276 |a Fluktuation |g Betriebswirtschaftslehre |2 gnd |
| 689 | 0 | |5 DE-101 | |
| 751 | |a Zürich |0 (DE-588)4068038-1 |0 (DE-627)106106651 |0 (DE-576)209172541 |4 uvp | ||
| 856 | 4 | 2 | |u https://digitale-objekte.hbz-nrw.de/storage/2008/12/16/file_115/2701103.pdf |m V:DE-605 |m X:migimw |q application/pdf |v 2025-07-00 |3 Inhaltsverzeichnis |7 1 |
| 856 | 4 | 2 | |u http://scans.hebis.de/HEBCGI/show.pl?01096723_toc.pdf |m V:DE-605 |q application/pdf |3 Inhaltsverzeichnis |7 1 |
| 935 | |i Blocktest | ||
| 935 | |h HEB |i 0501 | ||
| 935 | |h HEB |i 0503 | ||
| 936 | r | v | |a DG 3000 |b Heimerziehung (und Alternativen) |k Pädagogik |k Spezialfragen der Erziehung |k Heimerziehung (und Alternativen) |0 (DE-627)1270707035 |0 (DE-625)rvk/19555: |0 (DE-576)200707035 |
| 936 | r | v | |a DS 7150 |b Intervention in der Jugendhilfe (Erziehungshilfen, Arbeit in Heimen) |k Pädagogik |k Sozialpädagogik, Sozialarbeit |k Berufsfelder |k Jugendhilfe |k Intervention in der Jugendhilfe (Erziehungshilfen, Arbeit in Heimen) |0 (DE-627)1270784420 |0 (DE-625)rvk/19960: |0 (DE-576)200784420 |
| 936 | s | n | |a d100 |2 mzub |
| 936 | s | n | |a m200 |2 mzub |
| 936 | s | n | |a q100 |2 mzub |
| 951 | |a BO | ||
| ELC | |b 1 | ||
| LOK | |0 000 xxxxxcx a22 zn 4500 | ||
| LOK | |0 001 3328656367 | ||
| LOK | |0 003 DE-627 | ||
| LOK | |0 004 275357791 | ||
| LOK | |0 005 20020607000000 | ||
| LOK | |0 008 930607||||||||||||||||ger||||||| | ||
| LOK | |0 040 |a DE-21-110 |c DE-627 |d DE-21-110 | ||
| LOK | |0 852 |a DE-21-110 | ||
| LOK | |0 852 1 |c O X 386 |m p |9 00 | ||
| LOK | |0 935 |a k110 | ||
| LOK | |0 936ln |a 4.3.1 | ||
| LOK | |0 938 |k p | ||
| LOK | |0 939 |a 07-06-93 |b l01 | ||
| ORI | |a SA-MARC-krimdoka001.raw | ||
| SIG | |a IFK: O X 386 | ||
